ASOIAF- All known Targaryens - Statistics

General Stats
  • This quiz has been taken 9,249 times
  • The average score is 83 of 132
Answer Stats
Lived from Answer Nicknames (if applicable) % Correct
184AC-196AC Aegon Blackfyre n/a
99%
120AC-157AC Aegon III Targaryen The Younger/The Dragonbane
99%
107AC-131AC Aegon II Targaryen The Elder/The Usurper
99%
27BC- 37AC Aegon I Targaryen The Conqueror/The Dragon
99%
135AC-184AC Aegon IV Targaryen The Unworthy
99%
unknown Aegon Targaryen n/a
99%
26AC-43AC Aegon Targaryen n/a
99%
50AC-unknown Aegon Targaryen n/a
99%
post-81AC-unknown Aegon Targaryen n/a
99%
272AC-273AC Aegon Targaryen n/a
99%
281AC-283AC(allegedly) Aegon Targaryen Young Griff
99%
200AC-259AC Aegon V Targaryen Egg/The Unlikely
99%
201AC-unknown Rhae Targaryen n/a
97%
122AC-172AC Viserys II Targaryen Hand of the King
97%
77AC-129AC Viserys I Targaryen The Young King
97%
176AC-unknown Viserys Plumm n/a
97%
29AC-44AC Viserys Targaryen n/a
97%
276AC-298AC Viserys Targaryen The Beggar King/The Sorefoot King/The Cart King
97%
184AC-196AC Aemon Blackfyre n/a
96%
52AC-92AC Aemon Targaryen n/a
96%
136AC-183AC Aemon Targaryen The Dragonknight
96%
198AC-300AC Aemon Targaryen Maester
96%
284AC-present Daenerys I Targaryen Stormborn
95%
172AC-unknown Daenerys Targaryen n/a
95%
244AC-283AC Aerys II Targaryen The Mad King
91%
172AC-221AC Aerys I Targaryen n/a
91%
unknown Aerys Targaryen n/a
91%
170AC-196AC Daemon I Blackfyre The Black Dragon
91%
188AC-219AC Daemon II Blackfyre The Younger
91%
unknown-236AC Daemon III Blackfyre n/a
91%
81AC-130AC Daemon Targaryen The Rogue Prince
91%
25BC-10AC Rhaenys Targaryen n/a
90%
74AC-129AC Rhaenys Targaryen The Queen Who Never Was
90%
280AC-283AC Rhaenys Targaryen n/a
90%
12AC-48AC Maegor I Targaryen The Cruel
88%
232AC-unknown Maegor Targaryen n/a
88%
28BC- 44AC Visenya Targaryen n/a
87%
129AC-129AC Visenya Targaryen n/a
87%
225AC-262AC Jaehaerys II Targaryen n/a
85%
34AC-103AC Jaehaerys I Targaryen The Conciliator/The Wise/The Old King
85%
123AC-129AC Jaehaerys Targaryen n/a
85%
274AC-274AC Jaehaerys Targaryen n/a
85%
259AC-283AC Rhaegar Targaryen The Dragon Prince
85%
97AC-130AC Rhaenyra Targaryen The Realm's Delight
85%
144AC-171AC Baelor I Targaryen The Beloved/The Blessed
84%
170AC-209AC Baelor Targaryen Breakspear
84%
153AC-209AC Daeron II Targaryen The Good
83%
143AC-161AC Daeron I Targaryen The Young Dragon
83%
114AC-130AC Daeron Targaryen The Daring
83%
190AC-233AC Daeron Targaryen The Drunken
83%
228AC-251AC Daeron Targaryen n/a
83%
269AC-269AC Daeron Targaryen n/a
83%
110AC-130AC Aemond Targaryen One-Eye/The Kinslayer
81%
233AC-unknown Aenys Blackfyre n/a
76%
7AC-42AC Aenys I Targaryen n/a
76%
115AC-129AC Lucerys Velaryon Luke
76%
unknown Baelon Targaryen n/a
74%
53AC-101AC Baelon Targaryen The Spring Prince/The Brave
74%
105AC-105AC Baelon Targaryen Heir for a Day
74%
117AC-130AC Joffrey Velaryon Joff
74%
174AC-233AC Maekar I Targaryen The Anvil
73%
23AC-unknown Rhaena Targaryen The Black Bride
72%
116AC-unknown Rhaena Targaryen Of Pentos
72%
147AC-unknown Rhaena Targaryen n/a
72%
114AC-129AC Jacaerys Velaryon Jace
70%
245AC-284AC Rhaella Targaryen Dowager Queen
70%
unknown Aerion Targaryen n/a
67%
191AC-232AC Aerion Targaryen The Monstrous/Brightflame
67%
unknown Daenys Targaryen The Dreamer
66%
51AC-unknown Alyssa Targaryen n/a
63%
116AC-unknown Baela Targaryen n/a
63%
298AC-298AC Rhaego Targaryen n/a
63%
109AC-130AC Helaena Targaryen n/a
62%
175AC-present Brynden Rivers Bloodraven/The Three-Eyed Crow
61%
145AC-unknown Daena Targaryen The Defiant
61%
155AC-unknown Alysanne Waters n/a
59%
220AC-259AC Duncan Targaryen The Small/The Prince of Dragonflies
59%
172AC-241AC Aegor Rivers Bittersteel
54%
123AC-133AC Jaehaera Targaryen n/a
53%
171AC-unknown Jon Waters n/a
50%
61AC-unknown Saera Targaryen n/a
50%
unknown Gaemon Targaryen The Glorious
49%
60AC-unknown Gaemon Targaryen n/a
49%
82AC-105AC Aemma Arryn n/a
47%
127AC-130AC Maelor Targaryen n/a
47%
56AC-unknown Vaegon Targaryen The Dragonless/Archmaester
47%
unknown Aenar Targaryen The Exile
46%
54AC-82AC Daella Targaryen n/a
46%
199AC-unknown Daella Targaryen n/a
46%
62AC-99AC Gael Targaryen The Winter Child
45%
138AC-184AC Naerys Targaryen n/a
42%
36AC-100AC Alyssane Targaryen The Good Queen
41%
57AC-96AC Maegelle Targaryen Septa
41%
41AC-unknown Aerea Targaryen n/a
40%
183AC-209AC Valarr Targaryen The Young Prince
40%
59AC-unknown Viserra Targaryen n/a
40%
229AC-unknown Rhaelle Targaryen n/a
39%
178AC-unknown Shiera Seastar n/a
39%
unknown Elaena Targaryen n/a
38%
150AC-220AC Elaena Targaryen n/a
38%
38AC-unknown Orys Baratheon One-Hand
38%
185AC-unknown Laena Penrose n/a
36%
184AC-209AC Matarys Targaryen The Even Younger Prince
34%
195AC-217AC Aelor Targaryen n/a
33%
226AC-259AC Shaera Targaryen n/a
32%
173AC-215AC Rhaegel Targaryen n/a
31%
39AC-unknown Vaella Targaryen n/a
31%
222AC-unknown Vaella Targaryen n/a
31%
195AC-unknown Aelora Targaryen n/a
29%
unknown Aelyx Targaryen n/a
29%
58AC-unknown Valerion Targaryen n/a
28%
unknown Daemion Targaryen n/a
27%
unknown Maegon Targaryen n/a
27%
189AC-219AC Haegon Blackfyre n/a
25%
163AC-unknown Balerion Otherys n/a
23%
211AC-unknown Daenora Targaryen n/a
23%
164AC-unknown Jeyne Lothston (possibly)
22%
171AC-unknown Jeyne Waters n/a
22%
267AC-267AC Shaena Targaryen n/a
22%
186AC-unknown Jocelyn Penrose n/a
21%
156AC-unknown Lily Waters n/a
18%
172AC-unknown Mya Rivers n/a
18%
161AC-unknown Bellenora Otherys Black Pearl of Braavos (possibly)
17%
173AC-unknown Gwenys Rivers n/a
16%
41AC-unknown Rhalla Targaryen n/a
16%
157AC-unknown Willow Waters n/a
16%
187AC-unknown Joy Penrose n/a
15%
162AC-unknown Narha Otherys n/a
15%
158AC-unknown Rosey Waters n/a
15%
unknown(pre-197AC)-unknown Calla Blackfyre n/a
13%
184AC-unknown Robin Penrose n/a
13%
55AC-unknown Aeryn Targaryen n/a
12%
No matching quizzes found
Score Distribution
Percent of People with Each Score
Percentile by Number Answered
Your Score History
You have not taken this quiz